[Event "HUN-chT2 Szechenyi 1819"]
[Site "Hungary"]
[Date "2019.02.24"]
[Round "6.5"]
[White "Zsiros, Gyorgy"]
[Black "Tako, Helga"]
[Result "1-0"]
[WhiteElo "1995"]
[BlackElo "1935"]
[PlyCount "69"]
[EventDate "2018.10.28"]
[EventType "team-tourn"]
[EventRounds "9"]
[EventCountry "HUN"]
[SourceTitle "EXT 2021"]
[Source "ChessBase"]
[SourceDate "2020.10.23"]
[SourceVersion "1"]
[SourceVersionDate "2020.10.23"]
[SourceQuality "1"]
[WhiteTeam "Sarvar"]
[BlackTeam "Arboretum"]
[WhiteTeamCountry "HUN"]
[BlackTeamCountry "HUN"]

1. e4 e5 2. Nf3 Nc6 3. d4 exd4 4. Bc4 Qe7 5. 0-0 d6 6. Nxd4 Nxd4 7. Qxd4 Qe5 8. Be3 Qxd4 9. Bxd4 Be6 10. Bd3 f6 11. Nc3 a6 12. Nd5 0-0-0 13. c4 Ne7 14. Rac1 c5 15. Be3 Nxd5 16. cxd5 Bd7 17. b4 b5 18. a4 c4 19. axb5 Bxb5 20. Bxc4 Bxc4 21. Bd4 Kb7 22. Rxc4 Be7 23. Rc6 Ra8 24. Rb6+ Kc7 25. Rc1+ Kd7 26. Rb7+ Ke8 27. Rcc7 Bf8 28. f3 h5 29. Ra7 Rb8 30. Rcb7 Rc8 31. Rxa6 Rc1+ 32. Kf2 Rc2+ 33. Kg3 Rc8 34. b5 h4+ 35. Kh3 1-0

[Event "HUN-chT2 Szechenyi 1819"]
[Site "Hungary"]
[Date "2019.01.27"]
[Round "4.6"]
[White "Tako, Helga"]
[Black "Bakos, Balazs1111"]
[Result "0-1"]
[WhiteElo "1935"]
[BlackElo "1941"]
[PlyCount "116"]
[EventDate "2018.10.28"]
[EventType "team-tourn"]
[EventRounds "9"]
[EventCountry "HUN"]
[SourceTitle "EXT 2021"]
[Source "ChessBase"]
[SourceDate "2020.10.23"]
[SourceVersion "1"]
[SourceVersionDate "2020.10.23"]
[SourceQuality "1"]
[WhiteTeam "Arboretum"]
[BlackTeam "Tapolca VSE II"]
[WhiteTeamCountry "HUN"]
[BlackTeamCountry "HUN"]

1. e4 c5 2. Nf3 e6 3. d4 cxd4 4. Nxd4 Nc6 5. Nxc6 bxc6 6. Bd3 e5 7. 0-0 d6 8. b3 Nf6 9. Bb2 Be7 10. Nd2 Be6 11. Re1 0-0 12. Nf1 Qb6 13. Ne3 Rad8 14. Qf3 Qc7 15. c4 Qc8 16. h3 Nd7 17. Rad1 Nc5 18. Bb1 Bg5 19. Ba3 Nb7 20. Re2 Bxe3 21. Qxe3 c5 22. Red2 Qc7 23. Bb2 Na5 24. Qg3 Nc6 25. f4 f6 26. f5 Bf7 27. Qh4 Nd4 28. Bxd4 cxd4 29. Rd3 Qc5 30. Kh1 a5 31. Rg3 Be8 32. Qh6 Rd7 33. Rdd3 a4 34. Qd2 Rb7 35. Rg4 Kh8 36. Rdg3 axb3 37. axb3 Ba4 38. Ba2 Be8 39. Rd3 Qb4 40. Qxb4 Rxb4 41. Bb1 Bh5 42. Rgg3 Be2 43. Rd2 Bxc4 44. Bc2 Bf7 45. Bd1 Rc8 46. Kh2 d5 47. exd5 Bxd5 48. Rc2 Rxc2 49. Bxc2 h6 50. Kg1 Kh7 51. Kf1 Rb7 52. Ke1 e4 53. Rg4 d3 54. Bd1 e3 55. Rg3 e2 56. Bxe2 dxe2 57. Kxe2 Rxb3 58. Rg4 Rb2+ 0-1

[Event "HUN-chT2 Szechenyi 1718"]
[Site "Hungary"]
[Date "2018.02.18"]
[Round "6.3"]
[White "Juhasz, Judit"]
[Black "Tako, Helga"]
[Result "1-0"]
[WhiteElo "1920"]
[BlackElo "1959"]
[PlyCount "47"]
[EventDate "2017.10.29"]
[EventType "team-tourn"]
[EventRounds "9"]
[EventCountry "HUN"]
[SourceTitle "EXT 2021"]
[Source "ChessBase"]
[SourceDate "2020.10.23"]
[SourceVersion "1"]
[SourceVersionDate "2020.10.23"]
[SourceQuality "1"]
[WhiteTeam "Tapolca VSE II"]
[BlackTeam "Arboretum"]
[WhiteTeamCountry "HUN"]
[BlackTeamCountry "HUN"]

1. e4 e5 2. Nf3 Nc6 3. d4 exd4 4. Nxd4 Bc5 5. Be3 Qf6 6. c3 Nge7 7. Bc4 0-0 8. 0-0 Bxd4 9. cxd4 Na5 10. Bd3 h6 11. Nc3 d6 12. Nb5 Bd7 13. Nxc7 Rac8 14. Nb5 a6 15. Nc3 Nac6 16. Ne2 Ng6 17. f4 Rfe8 18. e5 Qe7 19. f5 Nf8 20. f6 Qe6 21. d5 Qxe5 22. dxc6 Bxc6 23. Rf5 Qxb2 24. Bd4 1-0

[Event "HUN-chT2 Szechenyi 1617"]
[Site "Hungary"]
[Date "2017.01.29"]
[Round "7.4"]
[White "Tako, Helga"]
[Black "Nagy, Tamas1111"]
[Result "0-1"]
[WhiteElo "1962"]
[BlackElo "1919"]
[PlyCount "100"]
[EventDate "2016.09.25"]
[EventType "team-tourn"]
[EventRounds "11"]
[EventCountry "HUN"]
[SourceTitle "EXT 2021"]
[Source "ChessBase"]
[SourceDate "2020.10.23"]
[SourceVersion "1"]
[SourceVersionDate "2020.10.23"]
[SourceQuality "1"]
[WhiteTeam "Arboretum"]
[BlackTeam "Gyor Szechenyi"]
[WhiteTeamCountry "HUN"]
[BlackTeamCountry "HUN"]

1. e4 c6 2. d4 d5 3. exd5 cxd5 4. Bd3 Nc6 5. c3 Qc7 6. Ne2 Nf6 7. h3 e6 8. Bf4 Bd6 9. Bxd6 Qxd6 10. Ng3 a6 11. Qe2 0-0 12. 0-0 b5 13. f4 b4 14. Nd2 a5 15. a4 Rb8 16. Rab1 bxc3 17. bxc3 Rxb1 18. Bxb1 Qa3 19. Qd3 g6 20. Bc2 Bd7 21. Nb1 Qb2 22. Qd1 Rb8 23. Qc1 Ne8 24. Ne2 Nd6 25. Na3 Ne7 26. Qa1 Nef5 27. Qxb2 Rxb2 28. Rb1 Rxb1+ 29. Nxb1 Ne3 30. Bb3 Nec4 31. Nc1 Nb2 32. Bc2 Bxa4 33. Bxa4 Nxa4 34. Nb3 Nc4 35. Nc1 Kf8 36. Kf2 Ke7 37. Ke2 Kd6 38. Nd3 Nab6 39. Ne5 f6 40. Nd3 Nc8 41. Nc1 Ne7 42. g4 g5 43. Nd3 Ng6 44. fxg5 fxg5 45. Kf3 e5 46. dxe5+ Ngxe5+ 47. Ke2 Nxd3 48. Kxd3 Ke5 49. Ke2 Ke4 50. Kd1 Kd3 0-1

[Event "HUN-chT2 Szechenyi 1516"]
[Site "Hungary"]
[Date "2016.03.20"]
[Round "9.3"]
[White "Smideliusz, Mark"]
[Black "Tako, Helga"]
[Result "1-0"]
[WhiteElo "2129"]
[BlackElo "1979"]
[PlyCount "49"]
[EventDate "2015.09.13"]
[EventType "team-tourn"]
[EventRounds "11"]
[EventCountry "HUN"]
[SourceTitle "EXT 2017"]
[Source "ChessBase"]
[SourceDate "2016.10.25"]
[SourceVersion "1"]
[SourceVersionDate "2016.10.25"]
[SourceQuality "1"]
[WhiteTeam "Sarvar"]
[BlackTeam "Arboretum"]
[WhiteTeamCountry "HUN"]
[BlackTeamCountry "HUN"]

1. d4 d5 2. Nf3 Nf6 3. c4 e6 4. e3 Be7 5. Nc3 0-0 6. Qc2 c5 7. dxc5 Bxc5 8. Bd3 dxc4 9. Bxc4 Nc6 10. 0-0 Qe7 11. e4 h6 12. e5 Nd7 13. Re1 Nd4 14. Qd1 Nxf3+ 15. Qxf3 Bd4 16. Qg3 Qc5 17. Bxh6 Bxe5 18. Bf4 Bxf4 19. Qxf4 Nb6 20. Bb3 Bd7 21. Rad1 Bc6 22. Rd3 Rad8 23. Rg3 Rd4 24. Qf6 g6 25. Rh3 1-0

[Event "HUN-chT2 Szechenyi 1415"]
[Site "Hungary"]
[Date "2014.12.14"]
[Round "6.3"]
[White "Tako, Helga"]
[Black "Kiss, Csaba"]
[Result "0-1"]
[WhiteElo "1967"]
[BlackElo "1797"]
[PlyCount "54"]
[EventDate "2014.09.07"]
[EventType "team-tourn"]
[EventRounds "11"]
[EventCountry "HUN"]
[SourceTitle "EXT 2016"]
[Source "ChessBase"]
[SourceDate "2015.10.08"]
[SourceVersion "1"]
[SourceVersionDate "2015.10.08"]
[SourceQuality "1"]
[WhiteTeam "Arboretum"]
[BlackTeam "Papa"]
[WhiteTeamCountry "HUN"]
[BlackTeamCountry "HUN"]

1. e4 e6 2. d4 d5 3. exd5 exd5 4. Bd3 Nf6 5. h3 Be7 6. Nf3 Nc6 7. c3 h6 8. Be3 Ne4 9. Nbd2 f5 10. Bb5 0-0 11. Nxe4 dxe4 12. Bxc6 bxc6 13. Ne5 f4 14. Qb3+ Kh7 15. Bd2 Bh4 16. 0-0 Qg5 17. c4 c5 18. Qc3 cxd4 19. Qxd4 Bf5 20. Qc3 Rad8 21. Rad1 e3 22. Nf3 Bxf2+ 23. Rxf2 exf2+ 24. Kxf2 Qg3+ 25. Kg1 Rd3 26. Qb4 Rfd8 27. Rf1 Bxh3 0-1

[Event "HUN-chT2 Szechenyi 1415"]
[Site "Hungary"]
[Date "2014.11.16"]
[Round "4.4"]
[White "Ter, Marcell"]
[Black "Tako, Helga"]
[Result "0-1"]
[WhiteElo "2178"]
[BlackElo "1967"]
[PlyCount "76"]
[EventDate "2014.09.07"]
[EventType "team-tourn"]
[EventRounds "11"]
[EventCountry "HUN"]
[SourceTitle "EXT 2016"]
[Source "ChessBase"]
[SourceDate "2015.10.08"]
[SourceVersion "1"]
[SourceVersionDate "2015.10.08"]
[SourceQuality "1"]
[WhiteTeam "Csuti"]
[BlackTeam "Arboretum"]
[WhiteTeamCountry "HUN"]
[BlackTeamCountry "HUN"]

1. e4 e5 2. Nf3 Nc6 3. d4 exd4 4. Nxd4 Nf6 5. Nxc6 bxc6 6. Bd3 d6 7. b3 Bb7 8. Bb2 Be7 9. Nd2 0-0 10. Qe2 Re8 11. 0-0-0 Qc8 12. Rhe1 c5 13. f4 Qg4 14. Qf2 Nh5 15. g3 Bf6 16. c3 g6 17. Re3 a5 18. Be2 Qd7 19. g4 Ng7 20. g5 Be7 21. a4 Bf8 22. Qh4 Bc8 23. Rg1 d5 24. Bg4 Qd8 25. f5 Nxf5 26. Bxf5 Bxf5 27. Rd3 Bxe4 28. Nxe4 Rxe4 29. Qh3 Be7 30. c4 Bxg5+ 31. Kb1 d4 32. Qg2 Re5 33. h4 Bxh4 34. Bc1 Rb8 35. Bf4 Re1+ 36. Rxe1 Bxe1 37. Qh1 Bc3 38. Kc2 Qe7 0-1

[Event "HUN-chT2 Szechenyi 1314"]
[Site "Hungary"]
[Date "2013.10.20"]
[Round "3"]
[White "Vajda, Attila"]
[Black "Tako, Helga"]
[Result "1/2-1/2"]
[WhiteElo "1977"]
[BlackElo "1983"]
[PlyCount "77"]
[EventDate "2013.09.08"]
[EventType "team-tourn"]
[EventRounds "11"]
[EventCountry "HUN"]
[SourceTitle "EXT 2016"]
[Source "ChessBase"]
[SourceDate "2015.10.08"]
[SourceVersion "1"]
[SourceVersionDate "2015.10.08"]
[SourceQuality "1"]
[WhiteTeam "Tapolca II"]
[BlackTeam "Arboretum"]
[WhiteTeamCountry "HUN"]
[BlackTeamCountry "HUN"]

1. d4 d5 2. Nf3 Nf6 3. g3 c6 4. Bg2 g6 5. 0-0 Bg7 6. Nbd2 0-0 7. c4 Nbd7 8. b3 Re8 9. Bb2 h6 10. Rc1 Nb6 11. Ne5 Ng4 12. Nxg4 Bxg4 13. c5 Nc8 14. h3 Be6 15. Nf3 Qd7 16. Kh2 Qc7 17. Ne5 Bd7 18. Qd2 Rf8 19. Qf4 Bxe5 20. dxe5 Kh7 21. Qd4 e6 22. f4 Ne7 23. g4 Rg8 24. Kh1 Raf8 25. Rc3 Qc8 26. Rcf3 Qd8 27. Qf2 Qc8 28. Bc1 Rh8 29. Qe3 Kg8 30. Rg3 Qd8 31. h4 h5 32. Bf3 hxg4 33. Bxg4 Rxh4+ 34. Kg2 Kg7 35. f5 exf5 36. Qg5 Ng8 37. Qxd8 Rxd8 38. Bg5 Rxg4 39. Bxd8 1/2-1/2

[Event "HUN-chT2 Szechenyi 1213"]
[Site "Hungary"]
[Date "2013.03.03"]
[Round "8.3"]
[White "Tako, Helga"]
[Black "Samu, Ferenc"]
[Result "1/2-1/2"]
[WhiteElo "1993"]
[BlackElo "2147"]
[PlyCount "74"]
[EventDate "2012.09.16"]
[EventType "team-tourn"]
[EventRounds "11"]
[EventCountry "HUN"]
[SourceTitle "EXT 2014"]
[Source "ChessBase"]
[SourceDate "2013.11.20"]
[SourceVersion "1"]
[SourceVersionDate "2013.11.20"]
[SourceQuality "1"]
[WhiteTeam "Arboretum"]
[BlackTeam "Tapolca"]
[WhiteTeamCountry "HUN"]
[BlackTeamCountry "HUN"]

1. e4 c5 2. Nf3 a6 3. Nc3 b5 4. a3 Bb7 5. d3 e6 6. Bf4 Nc6 7. g3 Be7 8. Bg2 d6 9. Qd2 Nd4 10. Be3 Bf6 11. Bxd4 cxd4 12. Ne2 Qb6 13. 0-0 Ne7 14. Rac1 0-0 15. Ne1 d5 16. Kh1 Rfd8 17. h4 dxe4 18. dxe4 d3 19. cxd3 Nc6 20. Nf4 Na5 21. Rb1 Nb3 22. Qd1 Nc5 23. Qg4 e5 24. Nd5 Bxd5 25. exd5 Qd6 26. Be4 g6 27. h5 Bg7 28. hxg6 hxg6 29. Qe2 f5 30. Bf3 Rac8 31. Nc2 Nb3 32. Nb4 Nd4 33. Qd1 a5 34. Nc6 Nxc6 35. dxc6 Qxd3 36. Qxd3 Rxd3 37. Be2 Rd5 1/2-1/2

[Event "HUN-chT2 Szechenyi 1213"]
[Site "Hungary"]
[Date "2013.01.27"]
[Round "6.3"]
[White "Lang, Gusztav"]
[Black "Tako, Helga"]
[Result "1/2-1/2"]
[WhiteElo "2010"]
[BlackElo "1993"]
[PlyCount "48"]
[EventDate "2012.09.16"]
[EventType "team-tourn"]
[EventRounds "11"]
[EventCountry "HUN"]
[SourceTitle "EXT 2014"]
[Source "ChessBase"]
[SourceDate "2013.11.20"]
[SourceVersion "1"]
[SourceVersionDate "2013.11.20"]
[SourceQuality "1"]
[WhiteTeam "Sarvar"]
[BlackTeam "Arboretum"]
[WhiteTeamCountry "HUN"]
[BlackTeamCountry "HUN"]

1. e4 e5 2. Nf3 Nc6 3. c3 d6 4. Bb5 Bd7 5. 0-0 Nf6 6. Re1 a6 7. Ba4 Be7 8. d4 b5 9. Bb3 0-0 10. a4 exd4 11. cxd4 Na5 12. Bc2 Bg4 13. Qd3 b4 14. Bg5 g6 15. Nbd2 c5 16. h3 Be6 17. d5 Bc8 18. Nc4 Nxc4 19. Qxc4 Bb7 20. Bh6 Re8 21. Rad1 Nd7 22. Bb3 Nb6 23. Qc2 Nd7 24. Qc4 Nb6 1/2-1/2

[Event "HUN-chT2 Szechenyi 1213"]
[Site "Hungary"]
[Date "2012.11.04"]
[Round "3.3"]
[White "Tako, Helga"]
[Black "Tamas, Gyorgy"]
[Result "1/2-1/2"]
[WhiteElo "1993"]
[BlackElo "2119"]
[PlyCount "20"]
[EventDate "2012.09.16"]
[EventType "team-tourn"]
[EventRounds "11"]
[EventCountry "HUN"]
[SourceTitle "EXT 2014"]
[Source "ChessBase"]
[SourceDate "2013.11.20"]
[SourceVersion "1"]
[SourceVersionDate "2013.11.20"]
[SourceQuality "1"]
[WhiteTeam "Arboretum"]
[BlackTeam "Zala Volan"]
[WhiteTeamCountry "HUN"]
[BlackTeamCountry "HUN"]

1. e4 c5 2. Nf3 d6 3. Nc3 Nf6 4. Be2 g6 5. d3 Nc6 6. Be3 Bg7 7. 0-0 0-0 8. Ne1 b6 9. f4 Bb7 10. Bf3 Qd7 1/2-1/2

[Event "HUN-chT2 Szechenyi 1213"]
[Site "Hungary"]
[Date "2012.09.16"]
[Round "1.3"]
[White "Tako, Helga"]
[Black "Joo, Gabor"]
[Result "0-1"]
[WhiteElo "1993"]
[BlackElo "2067"]
[PlyCount "80"]
[EventDate "2012.09.16"]
[EventType "team-tourn"]
[EventRounds "11"]
[EventCountry "HUN"]
[SourceTitle "EXT 2014"]
[Source "ChessBase"]
[SourceDate "2013.11.20"]
[SourceVersion "1"]
[SourceVersionDate "2013.11.20"]
[SourceQuality "1"]
[WhiteTeam "Arboretum"]
[BlackTeam "Haladas III"]
[WhiteTeamCountry "HUN"]
[BlackTeamCountry "HUN"]

1. e4 c5 2. Nf3 d6 3. d3 Nc6 4. Nc3 e6 5. g3 g6 6. Bg2 Bg7 7. 0-0 Nge7 8. Bd2 0-0 9. Qc1 Rb8 10. Ne2 b5 11. Bh6 b4 12. Bxg7 Kxg7 13. Qe3 Qb6 14. Nd2 Ba6 15. Kh1 Nd4 16. Nxd4 cxd4 17. Qe2 Rbc8 18. Nf3 e5 19. Ne1 Bb7 20. f4 f6 21. Qd2 d5 22. a3 bxa3 23. Rxa3 dxe4 24. Bxe4 Bxe4+ 25. dxe4 Qb7 26. Qg2 Rc7 27. Rb3 Qc8 28. fxe5 fxe5 29. Rxf8 Qxf8 30. Rf3 Qc8 31. Qf1 Ng8 32. Qb5 Qe6 33. Qb8 Qe7 34. Qb3 Nf6 35. Qd3 Qb4 36. Qf1 Nxe4 37. Nd3 Qd6 38. Qd1 Ng5 39. Rf1 Qd5+ 40. Kg1 Nh3# 0-1

[Event "HUN-chT2 Szechenyi 1011"]
[Site "Hungary"]
[Date "2010.09.26"]
[Round "2.3"]
[White "Tako, Helga"]
[Black "Csaba, Arpad Jr"]
[Result "1/2-1/2"]
[WhiteElo "2031"]
[BlackElo "2058"]
[PlyCount "115"]
[EventDate "2010.09.12"]
[EventType "team-tourn"]
[EventRounds "11"]
[EventCountry "HUN"]
[SourceTitle "EXT 2012"]
[Source "ChessBase"]
[SourceDate "2011.11.24"]
[SourceVersion "1"]
[SourceVersionDate "2011.11.24"]
[SourceQuality "1"]
[WhiteTeam "Arboretum"]
[BlackTeam "Ajka Banyasz"]
[WhiteTeamCountry "HUN"]
[BlackTeamCountry "HUN"]

1. e4 e6 2. d4 d5 3. exd5 exd5 4. Bd3 Nc6 5. c3 Bd6 6. Ne2 Bg4 7. Qc2 Qh4 8. Be3 0-0-0 9. Nd2 Nge7 10. 0-0-0 g6 11. h3 Bf5 12. Nf3 Bxd3 13. Qxd3 Qf6 14. Bg5 Qe6 15. Rhe1 f6 16. Bf4 Rhe8 17. Bxd6 Qxd6 18. Ng3 Na5 19. Re2 Nec6 20. Rde1 Kd7 21. Rxe8 Rxe8 22. Rxe8 Kxe8 23. Qe3+ Qe7 24. Qxe7+ Kxe7 25. Nd2 Nd8 26. Kc2 Ne6 27. Ne2 b6 28. Nb3 Nc4 29. Nd2 Nd6 30. Nf1 Nf5 31. Kd3 c6 32. b3 c5 33. Ne3 Nxe3 34. Kxe3 Kd6 35. g3 a6 36. a3 b5 37. b4 cxb4 38. cxb4 Nd8 39. Nf4 Nc6 40. Ne2 Ne7 41. Kd3 Nc8 42. Nc1 Nb6 43. Nb3 Nc4 44. Nc5 Nxa3 45. Nxa6 Nc4 46. Nc5 Nb6 47. Nb3 Nc8 48. Na1 Ke6 49. Nc2 Nd6 50. Na3 Kf5 51. Nc2 h5 52. Ne3+ Ke6 53. Nc2 Nc4 54. Ne3 g5 55. f4 gxf4 56. gxf4 Nd6 57. Ke2 f5 58. Nc2 1/2-1/2

[Event "HUN-chT2 Szechenyi 0809"]
[Site "Hungary"]
[Date "2009.04.05"]
[Round "10.4"]
[White "Remete, Zsuzsa"]
[Black "Tako, Helga"]
[Result "1/2-1/2"]
[WhiteElo "2111"]
[BlackElo "2052"]
[PlyCount "67"]
[EventDate "2008.10.26"]
[EventType "team-tourn"]
[EventRounds "11"]
[EventCountry "HUN"]
[SourceTitle "EXT 2010"]
[Source "ChessBase"]
[SourceDate "2010.11.25"]
[SourceVersion "1"]
[SourceVersionDate "2010.11.25"]
[SourceQuality "1"]
[WhiteTeam "Haladas"]
[BlackTeam "Arboretum"]
[WhiteTeamCountry "HUN"]
[BlackTeamCountry "HUN"]

1. e4 e5 2. Nf3 Nc6 3. Bb5 a6 4. Ba4 Nf6 5. 0-0 b5 6. Bb3 Be7 7. c3 0-0 8. Re1 d6 9. h3 Na5 10. Bc2 c5 11. d4 Qc7 12. Nbd2 Re8 13. Nf1 h6 14. b3 Bf8 15. Ng3 g6 16. Be3 Bg7 17. d5 Kh7 18. Nd2 Ng8 19. Rc1 Ne7 20. Bb1 Rb8 21. b4 Nb7 22. c4 f5 23. exf5 Nxf5 24. Nge4 Qf7 25. bxc5 Nxe3 26. Rxe3 Nxc5 27. Rf3 Qe7 28. Nxc5 dxc5 29. cxb5 axb5 30. Ne4 Bf5 31. Qe2 c4 32. g4 Bxe4 33. Qxe4 Qd6 34. Rcc3 1/2-1/2

[Event "HUN-chT2 Szechenyi 0809"]
[Site "Hungary"]
[Date "2009.01.11"]
[Round "5.3"]
[White "Tako, Helga"]
[Black "Babocs, Gyula"]
[Result "1/2-1/2"]
[WhiteElo "2052"]
[BlackElo "2029"]
[PlyCount "42"]
[EventDate "2008.10.26"]
[EventType "team-tourn"]
[EventRounds "11"]
[EventCountry "HUN"]
[SourceTitle "EXT 2010"]
[Source "ChessBase"]
[SourceDate "2010.11.25"]
[SourceVersion "1"]
[SourceVersionDate "2010.11.25"]
[SourceQuality "1"]
[WhiteTeam "Arboretum"]
[BlackTeam "Tapolca II"]
[WhiteTeamCountry "HUN"]
[BlackTeamCountry "HUN"]

1. e4 e5 2. Nf3 Nc6 3. Bb5 a6 4. Ba4 Nf6 5. 0-0 Be7 6. Re1 b5 7. Bb3 0-0 8. c3 d5 9. d3 dxe4 10. dxe4 Na5 11. Qxd8 Rxd8 12. Nxe5 Nxb3 13. axb3 Bb7 14. Nd2 Nxe4 15. Nxe4 Bxe4 16. Bf4 Bb7 17. Nc6 Bxc6 18. Rxe7 Bd5 19. Bxc7 Re8 20. Rae1 Rxe7 21. Rxe7 Bxb3 1/2-1/2

[Event "HUN-chT2 Szechenyi 0809"]
[Site "Hungary"]
[Date "2008.11.02"]
[Round "2.5"]
[White "Mihalyfi, Gabor"]
[Black "Tako, Helga"]
[Result "0-1"]
[WhiteElo "2071"]
[BlackElo "2052"]
[PlyCount "132"]
[EventDate "2008.10.26"]
[EventType "team-tourn"]
[EventRounds "11"]
[EventCountry "HUN"]
[SourceTitle "EXT 2010"]
[Source "ChessBase"]
[SourceDate "2010.11.25"]
[SourceVersion "1"]
[SourceVersionDate "2010.11.25"]
[SourceQuality "1"]
[WhiteTeam "Ajka Banyasz"]
[BlackTeam "Arboretum"]
[WhiteTeamCountry "HUN"]
[BlackTeamCountry "HUN"]

1. d4 d5 2. c4 e6 3. Nf3 Nf6 4. g3 c5 5. cxd5 Nxd5 6. e4 Nf6 7. Nc3 cxd4 8. Qxd4 Qxd4 9. Nxd4 Bb4 10. Bg2 0-0 11. Bg5 Nbd7 12. a3 Bxc3+ 13. bxc3 e5 14. Nf5 h6 15. Bxf6 Nxf6 16. Ne7+ Kh8 17. 0-0 Be6 18. Nd5 Rac8 19. Nxf6 gxf6 20. Rfc1 Rc5 21. a4 Rfc8 22. Ra3 Ra5 23. Bf1 Bc4 24. f3 Bxf1 25. Kxf1 Rc4 26. Rb1 b6 27. Rb4 Rac5 28. Rxc4 Rxc4 29. Ke2 Kg7 30. Kd3 Rc5 31. c4 Kg6 32. Rb3 Ra5 33. Ra3 Kg5 34. Ke3 Rc5 35. h4+ Kg6 36. Kd3 f5 37. Rb3 fxe4+ 38. fxe4 Kh5 39. Rc3 Kg4 40. Ke2 a6 41. Rf3 Rxc4 42. Rxf7 Kxg3 43. Rf6 Rxe4+ 44. Kd3 Rxh4 45. Rxb6 a5 46. Ra6 Kf4 47. Rxa5 Rh3+ 48. Ke2 h5 49. Ra8 Rh2+ 50. Kf1 e4 51. a5 h4 52. Rf8+ Ke3 53. a6 h3 54. Kg1 Rg2+ 55. Kh1 Ra2 56. Rf6 Ke2 57. Kh2 Ra3 58. Re6 e3 59. Kxh3 Kf1 60. Rf6+ Ke1 61. Kg2 Ra2+ 62. Kg1 Rf2 63. Rd6 Rf7 64. Kg2 e2 65. Rd8 Rg7+ 66. Kf3 Kf1 0-1

[Event "HUN-chT2 Szechenyi 0708"]
[Site "Hungary"]
[Date "2007.12.09"]
[Round "4"]
[White "Bartha, Sandor"]
[Black "Tako, Helga"]
[Result "1-0"]
[WhiteElo "2140"]
[BlackElo "2055"]
[PlyCount "105"]
[EventDate "2007.10.14"]
[EventType "team"]
[EventRounds "11"]
[EventCountry "HUN"]
[SourceTitle "EXT 2009"]
[Source "ChessBase"]
[SourceDate "2008.11.26"]
[SourceVersion "1"]
[SourceVersionDate "2008.11.26"]
[SourceQuality "1"]
[WhiteTeam "Keszthely"]
[BlackTeam "Arboretum"]
[WhiteTeamCountry "HUN"]
[BlackTeamCountry "HUN"]

1. d4 d5 2. Nf3 Nf6 3. g3 g6 4. Bg2 Bg7 5. 0-0 0-0 6. b3 c6 7. Bb2 Bf5 8. Nbd2 Re8 9. h3 h5 10. Nh4 Qc8 11. Nxf5 Qxf5 12. Nf3 Na6 13. c4 Rad8 14. cxd5 cxd5 15. Nh4 Qe6 16. e3 Ne4 17. Kh2 Rc8 18. Bxe4 Qxe4 19. Rc1 Nb4 20. Qd2 Na6 21. Ng2 Bh6 22. Ba3 Qe6 23. Rxc8 Rxc8 24. Rc1 Rxc1 25. Qxc1 Qd7 26. Ne1 e6 27. Nd3 Qc7 28. Qd2 Bf8 29. Bxf8 Kxf8 30. Kg2 Nb8 31. h4 Ke8 32. Qb4 Nc6 33. Qc3 Qa5 34. Qc2 Qb6 35. Nc5 Nb4 36. Qb2 Na6 37. Na4 Qb5 38. Qc2 Kd7 39. a3 Qc6 40. Qe2 Qc1 41. Qb5+ Qc6 42. Qd3 b5 43. Nb2 Nc7 44. Qd2 Qd6 45. b4 a5 46. Nd3 axb4 47. axb4 Na6 48. Qc3 Qc7 49. Qa3 Qb6 50. Qxa6 Qxa6 51. Nc5+ Kc6 52. Nxa6 Kb7 53. Nc5+ 1-0